Statistics for Guess the Jack Stauber Animation

Click here to take the quiz!

General Stats

  • This quiz has been taken 61 times
  • The average score is 6 of 12

Answer Stats

Answer% Correct
Baby Hotline
96%
Opal
78%
Rain
72%
Buttercup
69%
Goldie
57%
Cupid
56%
New Normal
50%
Lima Bean Man
44%
Work
44%
Baby Son Adoring Us
39%
Now and Then
20%
Ollie is Allergic
17%

Score Distribution

Percentile by Number Answered

Percent of People with Each Score

Your Score History

You have not taken this quiz